LEADER 01162nam0-2200373---450- 001 990000828690203316 005 20091001150242.0 010 $a88-13-19600-8 035 $a0082869 035 $aUSA010082869 035 $a(ALEPH)000082869USA01 035 $a0082869 100 $a20020102d1996----y0itay0103 ba 101 $aita 102 $aIT 105 $a00||| 200 1 $a<> causa della rigiditą costituzionale$euna rilettura di Bryce, dello Statuto albertino e di qualche altra Costituzione$fAlessandro Pace 205 $a2. ed. ampliata 210 $aPadova$cCEDAM$d1996 215 $aX, 108 p.$d24 cm 606 $aCostituzioni politiche 676 $a342.02 700 1$aPACE,$bAlessandro$0211116 801 0$aIT$bsalbc$gISBD 912 $a990000828690203316 951 $aXXIV.2.C. 108 (IG IV 958 A)$b9984 G$cXXIV.2.C. 108 (IG IV)$d00245335 959 $aBK 969 $aGIU 979 $aPATTY$b90$c20020102$lUSA01$h1306 979 $c20020403$lUSA01$h1728 979 $aPATRY$b90$c20040406$lUSA01$h1657 979 $aRSIAV3$b90$c20091001$lUSA01$h1502 996 $aCausa della rigidita' costituzionale$9637490 997 $aUNISA LEADER 01330nam 2200361 n 450 001 996389446103316 005 20221108045549.0 035 $a(CKB)1000000000639210 035 $a(EEBO)2240902835 035 $a(UnM)99843423 035 $a(EXLCZ)991000000000639210 100 $a19910716d1639 uy | 101 0 $aeng 135 $aurbn||||a|bb| 200 04$aThe tragedie of Chabot admirall of France$b[electronic resource] $eas it vvas presented by her Majesties Servants, at the private house in Drury Lane. Written by George Chapman, and Iames Shirly 210 $aLondon $cPrinted by Tho. Cotes, for Andrew Crooke, and William Cooke$d1639 215 $a[72] p 300 $aThe authors' names are bracketed together on title page. 300 $aSignatures: A-I⁓. 300 $aRunning title reads: The admirall of France. 300 $aThe last leaf is blank. 300 $aReproduction of the original in the Henry E. Huntington Library and Art Gallery. 330 $aeebo-0113 700 $aChapman$b George$f1559?-1634.$0167784 702 $aShirley$b James$f1596-1666.$4aut 801 0$bCu-RivES 801 1$bCu-RivES 801 2$bCStRLIN 801 2$bWaOLN 906 $aBOOK 912 $a996389446103316 996 $aThe tragedie of Chabot admirall of France$92334979 997 $aUNISA LEADER 01017nam 2200301z- 450 001 9910693908603321 005 20161209105242.0 035 $a(CKB)4920000000789160 035 $a(BIP)013460113 035 $a(EXLCZ)994920000000789160 100 $a20220104c2005uuuu -u- - 101 0 $aeng 200 14$aThe economic outlook $eApril 2005 : hearing before the Joint Economic Committee, Congress of the United States, One Hundred Ninth Congress, first session, April 14, 2005 215 $a1 online resource (iii, 36 p.) 311 $a0-16-075024-5 517 $aEconomic outlook 606 $aMonetary policy$zUnited States 607 $aUnited States$xEconomic conditions$y2001-2009 607 $aUnited States$xEconomic policy$y2001-2009 610 $aMonetary policy 610 $aUnited States 610 $aBusiness & economics 610 $aPolitical science 615 0$aMonetary policy 906 $aBOOK 912 $a9910693908603321 996 $aThe economic outlook$93129303 997 $aUNINA